PHARMACEUTICAL PRODUCT DEVELOPMENT (Record no. 1219069)

MARC details
000 -LEADER
fixed length control field 00417nam a2200157Ia 4500
008 - FIXED-LENGTH DATA ELEMENTS--GENERAL INFORMATION
fixed length control field 260407s2022 xx 000 0 und d
041 ## - LANGUAGE CODE
Language code of text/sound track or separate title eng
082 ## - DEWEY DECIMAL CLASSIFICATION NUMBER
Classification number 615.19/HAJ
Item number 11577
100 ## - MAIN ENTRY--PERSONAL NAME
Personal name DR. ASHOK HAJARE
245 ## - TITLE STATEMENT
Title PHARMACEUTICAL PRODUCT DEVELOPMENT
250 ## - EDITION STATEMENT
Edition statement 2ND
260 ## - PUBLICATION, DISTRIBUTION, ETC.
Place of publication, distribution, etc. PUNE
Name of publisher, distributor, etc. NIRLAI PRAKASHAN
Date of publication, distribution, etc. 2022
300 ## - PHYSICAL DESCRIPTION
Extent 5.3p
650 ## - SUBJECT ADDED ENTRY--TOPICAL TERM
Topical term or geographic name entry element PHARMACEUTICAL PRODUCT DEVELOPMENT
650 ## - SUBJECT ADDED ENTRY--TOPICAL TERM
Topical term or geographic name entry element PHARMACEUTICS
Holdings
Withdrawn status Lost status Damaged status Not for loan Home library Current library Date acquired Cost, normal purchase price Total Checkouts Full call number Barcode Date last seen Price effective from Koha item type
        College of Pharmacy, Kolhapur College of Pharmacy, Kolhapur 21/03/2024 230.00   615.19/HAJ/11577 PCK-11577 08/04/2026 08/04/2026 Book